Vidět (lépe) mezinárodno: Sémiotika obrazu a mezinárodní politika

Tento článok prispieva k výskumnému programu „vizuálneho obratu“ v medzinárodných vzťahoch (IR). Špecificky sa zaoberá metodologickým návrhom Rolanda Bleikera, ktorý je zakorenený v asamblážovom myslení a vyžaduje komplexné a pluralitné chápanie vzťahu medzi vizualitou a politikou.

Gespeichert in:
Bibliographische Detailangaben
1. Verfasser: Švantner, Martin
Weitere Verfasser: Záhora, Jakub
Format: Buchkapitel
Sprache:Tschechisch
Schlagworte:
Tags: Tag hinzufügen
Keine Tags, Fügen Sie das erste Tag hinzu!

MARC

LEADER 00000naa a2200000 4500
001 0292128
005 20240417075233.8
041 0 |a cze 
044 |a CZ 
245 1 0 |a Vidět (lépe) mezinárodno: Sémiotika obrazu a mezinárodní politika  |c Martin Švantner, Jakub Záhora 
520 |a Tento článok prispieva k výskumnému programu „vizuálneho obratu“ v medzinárodných vzťahoch (IR). Špecificky sa zaoberá metodologickým návrhom Rolanda Bleikera, ktorý je zakorenený v asamblážovom myslení a vyžaduje komplexné a pluralitné chápanie vzťahu medzi vizualitou a politikou. 
610 2 0 |a semiotika 
610 2 0 |a metodológia 
610 2 0 |a politika medzinárodná 
610 2 0 |a vzťahy medzinárodné 
100 1 |a Švantner, Martin 
700 1 |a Záhora, Jakub